1404 1586 1773 1501 1762 1680 1643 1349 1835 1495 1735 1346 1486 1371 1398 1355 1650 1552 1858 1681 1403 1791 1755 1000 1918 1188 1105 1742 1080 1549 1847 1281 1846 1919 1887 1322 1961 1335 1253 1305 1832 1823 1029 1529 1677 1588 1982 1019 1702 1530 1538 1879 1966 1213 1550 1389 1012 1318 1777 1150 1925 1977 1608 1733 1935 1900 1115 1970 1992 1300 1701 1924 1903 1755 1088 1132 1644 1920 1104 1562 1916 1511 1239 1112 1663 1773 1102 1077 1938 1684 1738 1040 1925 1634 1612 1067 1658 1558 1058 BCNSPRNW ULIB Ver.6.0+V

เปลี่ยนเป็นภาษาไทย

Change to English
 แสดงรายละเอียดบรรณานุกรม
  กลับหน้าหลัก

Brief Record : Get Marc (ISO 2709) : E-mail record : QR code < ปิดหน้าต่าง
LEADER : 00000nam 2200000uu 4500
001    13399113068
003     ULIB
008    110923s2546||||th 000 0 tha d
020    9749007336
041 1  tha^heng
050 04 PE1130^bK111ว 2546
100 0  เคลลี, เจอรัลด์
245 10 วิธีสอนการออกเสียง = How to teach pronunciation /^cGerald Kelly, เขียน ; Jeremy Harmer, บรรณาธิการชุดภาษาอังกฤษ ;รัชนีโรจน์ กุลธำรง, แปลและเรียบเรียง ; พงษ์ศรี เลขะวัฒนะ, บรรณาธิการชุดภาษาไทย
250    พิมพ์ครั้งที่ 1
260    กรุงเทพฯ :^bบริษัท เพียร์สัน เอ็ดดูเคชั่น อินโดไชน่า,^c2546
300    viii, 191 หน้า :^bภาพประกอบ ;^c25 ซม. +^eซีดี-รอม 1 แผ่น (4 3/4 นิ้ว)
650  7 ภาษาอังกฤษ^xการออกเสียง^xการศึกษาและการสอน
650  7 ภาษาอังกฤษ^xสัทศาสตร์
700 0  รัชนีโรจน์ กุลธำรง
700 12 Kelly, Gerald.^tHow to teach pronunciation
945    ^p392^l0^i021682
945    ^p392^l0^i021683
995    ทศพร
999 ^a ศิริพร
รายการนี้ยังไม่มีแท็ก
คุณยังไม่ได้ล็อกอิน คุณสามารถมีกิจกรรมร่วมกับเว็บไซต์ได้ แต่ต้องล็อกอินก่อน ::
  ล็อกอิน

รายการสื่อสารสนเทศ

ลำดับที่ ประเภท เลขเรียก/บาร์โค้ด สถานที่ สถานะ
- ไม่พบข้อมูล -

รายการใกล้เคียง
    ผู้แต่ง [เคลลี, เจอรัลด์]

BibComment


ยังไม่เคยถูกคอมเมนท์

คอมเมนท์ทรัพยากรรายการนี้
  คอมเมนท์: วิธีสอนการออกเสีย..


 Copyright 2026. Bcnsprnw @Library